000 00664nam a2200193Ii 4500
003 JO-AjNU
008 230605s9999||||xx |||||||||||||| ||und||
040 _aJO-AjNU
_bara
_erda
_cJO-AjNU
041 _aara
050 1 4 _aPJ7526.R3288 1990
100 3 _aربيع، محمد أحمد,
_eauthor
_919470
245 0 0 _aفي تاريخ الأدب العربي القديم
264 3 1 _aعمان: دار الفكر للطباعة والنشر والتوزيع، 1990
300 _a259ص
336 _atext
_btxt
_2rdacontent
337 _aunmediated
_bn
_2rdamedia
338 _avolume
_bnc
_2rdacarrier
650 4 _aالادب العربي - تاريخ ونقد
_919471
999 _aA6431
_c9999
_d9999